000 00588nam a2200205Ia 4500
005 20250508151728.0
008 008 250505s9999 xx 000 0 eng d
037 _aTextual
040 _aFEDL
_beng
_cFEDL
041 _aeng
_2eng
084 _a371.2, WEB
_qFEDL
100 _aWeber C A
_9759839
245 0 _aFundamentals of educational leadership
260 _aNew York, USA
_bMcGraw-Hill Book Company
_c1955
300 _aix,279p.
650 _aSchool Administration
700 _a Weber Mary E
_9759840
942 _cTEXL
_h371.2, WEB
999 _c1331748
_d1331748